Online katalóg knižníc regiónu Turca

Poľovníkove zápisky (Record no. 22946)

MARC details
000 -LEADER
fixed length control field 00829nam a22002533a 4500
001 - CONTROL NUMBER
control field 22946
003 - CONTROL NUMBER IDENTIFIER
control field SK-KTurca
005 - DATE AND TIME OF LATEST TRANSACTION
control field 20260512150655.0
008 - FIXED-LENGTH DATA ELEMENTS--GENERAL INFORMATION
fixed length control field 221216s1954 xo a g ||| 1 slo d
035 ## - SYSTEM CONTROL NUMBER
System control number a000716361
040 ## - CATALOGING SOURCE
Original cataloging agency UKB
Language of cataloging slo
Transcribing agency UKB
Description conventions AACR2
041 1# - LANGUAGE CODE
Language code of text/sound track or separate title slo
Language code of original rus
044 ## - COUNTRY OF PUBLISHING/PRODUCING ENTITY CODE
MARC country code xo
ISO country code SK
100 1# - MAIN ENTRY--PERSONAL NAME
Personal name Turgenev, Ivan Sergejevič,
Dates associated with a name 1818-1883
240 1# - UNIFORM TITLE
Uniform title Sobranije sočinenij 1. Zapisky ochotnika.
Language of a work Slovensky
245 10 - TITLE STATEMENT
Title Poľovníkove zápisky
Statement of responsibility, etc. Ivan Sergejevič Turgenev ; z rus. orig. prel. Z. Jesenská ; ilustr. A. Ďuračka
260 ## - PUBLICATION, DISTRIBUTION, ETC.
Place of publication, distribution, etc. Bratislava
Name of publisher, distributor, etc. SNDK
Manufacturer (Graf. tlač.)
Date of publication, distribution, etc. 1954
300 ## - PHYSICAL DESCRIPTION
Extent 85, [3] s.
Other physical details il.
490 1# - SERIES STATEMENT
Series statement Knižnica strednej školy
Volume/sequential designation Zv. 42
700 1# - ADDED ENTRY--PERSONAL NAME
Personal name Jesenská, Zora,
Dates associated with a name 1909-1972
Relationship trl
700 1# - ADDED ENTRY--PERSONAL NAME
Personal name Ďuračka, A.
Relationship ill
830 #0 - SERIES ADDED ENTRY--UNIFORM TITLE
Uniform title Knižnica strednej školy
942 ## - ADDED ENTRY ELEMENTS (KOHA)
Source of classification or shelving scheme Dewey Decimal Classification
Koha item type Krásna literatúra pre deti
Suppress in OPAC No
Holdings
Stav vyradenia Strata Poškodenie Spôsob nadobudnutia Domovská knižnica Aktuálna knižnica Dátum nadobudnutia Total checkouts Čiarový kód exemplára Date last seen Typ exemplára
      Dar Obecná knižnica Horná Štubňa Obecná knižnica Horná Štubňa 12.05.2026   4736202312 12.05.2026 Krásna literatúra pre deti
Projekt je podporený Slovenskou asociáciou knižníc
Prevádzkuje Turčianska knižnica Martin 2026